Statistics for Capitals of the top 10 biggest countries

Click here to take the quiz!

General Stats

  • This quiz has been taken 31 times
  • The average score is 10 of 10

Answer Stats

CountryCapital% Correct
RussiaMoscow
100%
CanadaOttawa
100%
ChinaBeijing
100%
United StatesWashington D.C
100%
BrazilBrasilia
100%
AustraliaCanberra
100%
IndiaNew Delhi
100%
ArgentinaBuenos Aires
100%
AlgeriaAlgiers
96%
KazakhstanNur-Sultan
80%

Score Distribution

Percentile by Number Answered

Percent of People with Each Score

Your Score History

You have not taken this quiz